Thực vật kỳ diệu
में बचाया:
| मुख्य लेखक: | |
|---|---|
| स्वरूप: | पुस्तक |
| भाषा: | Undetermined |
| प्रकाशित: |
Thành phố Hồ Chí Minh
Đại học sư phạm Thành phố Hồ Chí Minh
2015
|
| विषय: | |
| टैग : |
टैग जोड़ें
कोई टैग नहीं, इस रिकॉर्ड को टैग करने वाले पहले व्यक्ति बनें!
|
| Thư viện lưu trữ: | Trung tâm Học liệu Trường Đại học Cần Thơ |
|---|
| LEADER | 00610nam a2200193Ia 4500 | ||
|---|---|---|---|
| 001 | CTU_207077 | ||
| 008 | 210402s9999 xx 000 0 und d | ||
| 020 | |c 48000 | ||
| 082 | |a 580 | ||
| 082 | |b H100 | ||
| 100 | |a Nguyễn, Thanh Hà | ||
| 245 | 0 | |a Thực vật kỳ diệu | |
| 245 | 0 | |c Nguyễn Thanh Hà, Nguyễn Hoàng Lâm | |
| 260 | |a Thành phố Hồ Chí Minh | ||
| 260 | |b Đại học sư phạm Thành phố Hồ Chí Minh | ||
| 260 | |c 2015 | ||
| 650 | |a Thực vật,Botany | ||
| 904 | |i Tuyến | ||
| 980 | |a Trung tâm Học liệu Trường Đại học Cần Thơ | ||